书目信息 |
| 题名: |
走下圣坛的周恩来
|
|
| 作者: | 权延赤 著 | |
| 分册: | ||
| 出版信息: | 北京 中共中央党校出版社 1993 |
|
| 页数: | 419页 | |
| 开本: | 21cm | |
| 丛书名: | ||
| 单 册: | ||
| 中图分类: | I253.1 , K827=73 , K827.7 | |
| 科图分类: | ||
| 主题词: | 纪实文学--中国--现代 , 人物--传记--中国 | |
| 电子资源: | ||
| ISBN: | 7-5035-0687-3 | |
| 000 | 00856nam0 2200265 450 | |
| 001 | 1534006739 | |
| 005 | 20150126132248.06 | |
| 010 | @a7-5035-0687-3@dCNY9.40 | |
| 100 | @a20140317d1993 em y0chiy50 ea | |
| 101 | 0 | @achi |
| 102 | @aCN@b110000 | |
| 105 | @aa z 000zd | |
| 200 | 1 | @a走下圣坛的周恩来@9zou xia sheng tan de zhou en lai@f权延赤[著] |
| 210 | @a北京@c中共中央党校出版社@d1993 | |
| 215 | @a419页@c照片@d21cm | |
| 330 | @a本书以纪实文学的形式,从日常生活的视角介绍周恩来,记述了总理与酒的关系,总理与毛主席的合作,以及总理的家庭故事等。 | |
| 600 | 0 | @a周恩来@f(1898-1976)@x生平事迹 |
| 606 | 0 | @a纪实文学@y中国@z现代 |
| 606 | 0 | @a人物@x传记@x中国 |
| 690 | @aI253.1@v5 | |
| 690 | @aK827=73@v5 | |
| 690 | @aK827.7@v4 | |
| 701 | 0 | @a权延赤@9quan yan chi@f(1945.11~)@4著 |
| 801 | 0 | @aCN@bTSSF@c20150126 |
| 905 | @aZUCC@dK827.7@eJY1 | |
| 走下圣坛的周恩来/权延赤[著].-北京:中共中央党校出版社,1993 |
| 419页:照片;21cm |
| ISBN 7-5035-0687-3:CNY9.40 |
| 本书以纪实文学的形式,从日常生活的视角介绍周恩来,记述了总理与酒的关系,总理与毛主席的合作,以及总理的家庭故事等。 |
| ● |
| 相关链接 |
|
|
|
|
正题名:走下圣坛的周恩来
索取号:K827.7/JY1
 
预约/预借
| 序号 | 登录号 | 条形码 | 馆藏地/架位号 | 状态 | 备注 |
| 1 | 7838923 | 278389236 | 学院路分馆/ [索取号:K827.7/JY1] | 在馆 | |
| 2 | 7838924 | 278389245 | 学院路分馆/ [索取号:K827.7/JY1] | 在馆 | |
| 3 | 7840559 | 278405593 | 学院路分馆/ [索取号:K827.7/JY1] | 在馆 | |
| 4 | 7852300 | 278523000 | 学院路分馆/ [索取号:K827.7/JY1] | 在馆 |